000 00521nam a2200193Ia 4500
005 20250508154702.0
008 008 250505s9999 xx 000 0 eng d
037 _aTextual
040 _aFEDL
_beng
_cFEDL
041 _aeng
_2eng
084 _a370.9, KIN
_qFEDL
100 _aKing Edmund J
245 0 _aOther schools and ours
260 _aNew York, USA
_bHolt, Rinehart and Winston
_c1965
300 _axii,253p
650 _aEducation
942 _cTEXL
_h370.9, KIN
999 _c1351597
_d1351597